Logo

Description automatically generated
विद्यार्जन
 संसाधन केंद्र, भारतीय प्रौद्योगिकी संस्थान इन्दौर
Learning Resource Center, Indian Institute of Technology Indore

ऑनलाइन सार्वजनिक अभिगम प्रसूची
Online Public Access Catalogue (OPAC)

Vehicle refinement : controlling noise and vibration in road vehicles (Record no. 53134)

MARC details
000 -LEADER
fixed length control field 00628nam a2200241Ia 4500
005 - DATE AND TIME OF LATEST TRANSACTION
control field 20260325172949.0
008 - FIXED-LENGTH DATA ELEMENTS--GENERAL INFORMATION
fixed length control field 260325s9999||||xx |||||||||||||| ||und||
020 ## - INTERNATIONAL STANDARD BOOK NUMBER
International Standard Book Number 0750661291
020 ## - INTERNATIONAL STANDARD BOOK NUMBER
International Standard Book Number 9780750661294
020 ## - INTERNATIONAL STANDARD BOOK NUMBER
Qualifying information pbk
020 ## - INTERNATIONAL STANDARD BOOK NUMBER
Qualifying information pbk
082 ## - DEWEY DECIMAL CLASSIFICATION NUMBER
Classification number 629.243
Item number HAR
100 ## - MAIN ENTRY--PERSONAL NAME
Personal name Harrison, Matthew
245 #0 - TITLE STATEMENT
Title Vehicle refinement : controlling noise and vibration in road vehicles
260 ## - PUBLICATION, DISTRIBUTION, ETC.
Place of publication, distribution, etc. Oxford
Name of publisher, distributor, etc. Elsevier
Date of publication, distribution, etc. 2004
300 ## - PHYSICAL DESCRIPTION
Extent xi, 345p. ; 24cm.
653 ## - INDEX TERM--UNCONTROLLED
Uncontrolled term Automobiles Bruit
653 ## - INDEX TERM--UNCONTROLLED
Uncontrolled term Automobiles Noise
653 ## - INDEX TERM--UNCONTROLLED
Uncontrolled term Automobiles Vibration
653 ## - INDEX TERM--UNCONTROLLED
Uncontrolled term ME432
653 ## - INDEX TERM--UNCONTROLLED
Uncontrolled term ME632
942 ## - ADDED ENTRY ELEMENTS (KOHA)
Koha item type Book
Holdings
Withdrawn status Lost status Damaged status Not for loan Home library Current library Shelving location Date acquired Source of acquisition Total Checkouts Full call number Barcode Date last seen Price effective from Koha item type
        LRC, IIT Indore LRC, IIT Indore 2nd Floor - General Stack 25/03/2026 PO_2025-26_PO-114 ,Vendor: International Book Agency, Lucknow ; Inv. No.: IN455/25-26, dt.18.03.2026 ; Price: USD 90.95   629.243 HAR 38794 30/03/2026 25/03/2026 Book
Copyright © 2024, 2021, 2017 Indian Institute of Technology Indore. All Rights Reserved.
Managed & maintained by Learning Resource Center, IIT Indore